Windows 3.1 Snadno a rychle
Uložené v:
| Hlavný autor: | |
|---|---|
| Médium: | Kniha |
| Jazyk: | Czech |
| Vydavateľské údaje: |
Praha
Grada
1993
|
| Vydanie: | 1. vyd. |
| Predmet: | |
| Tagy: |
Žiadne tagy, Buďte prvý, kto otaguje tento záznam!
|
MARC
| LEADER | 00000nam a2200000 4500 | ||
|---|---|---|---|
| 001 | c005694 | ||
| 005 | 20221206075239.2 | ||
| 020 | |a 80-7169-016-3 | ||
| 041 | 0 | |a cze | |
| 044 | |a CZ | ||
| 245 | 1 | 0 | |a Windows 3.1 |b Snadno a rychle |c Michael Hruška |
| 250 | |a 1. vyd. | ||
| 264 | 1 | |a Praha |b Grada |c 1993 | |
| 300 | |a 140 s. | ||
| 610 | 2 | 0 | |a MS Windows 3.1 |
| 610 | 2 | 0 | |a programy používateľské |
| 610 | 2 | 0 | |a softvér |
| 100 | 1 | |a Hruška, Michael | |